Z histórie a života Ekonomickej univerzity v Bratislave

Informácia o činnosti a prehľad pracovísk Obchodnej fakulty. Významné podujatia na Ekonomickej univerzite v Bratislave.

Guardado en:
Detalles Bibliográficos
Formato: Capítulo de libro
Lenguaje:eslovaco
Materias:
Etiquetas: Agregar Etiqueta
Sin Etiquetas, Sea el primero en etiquetar este registro!

MARC

LEADER 00000naa a2200000 4500
001 r048475
005 20230808082150.9
041 0 |a slo 
044 |a SK 
245 1 0 |a Z histórie a života Ekonomickej univerzity v Bratislave 
520 |a Informácia o činnosti a prehľad pracovísk Obchodnej fakulty. Významné podujatia na Ekonomickej univerzite v Bratislave. 
610 2 0 |a školy vysoké 
610 2 0 |a história 
610 2 0 |a Ekonomická univerzita v Bratislave